Central Library OPAC University of Rajshahi

The history of Philosopy / (Record no. 29997)

MARC details
000 -LEADER
fixed length control field 01133cam a22002771 4500
001 - CONTROL NUMBER
control field 29997
003 - CONTROL NUMBER IDENTIFIER
rucl marc code BD-RjUL
005 - DATE AND TIME OF LATEST TRANSACTION
control field 20211209051508.0
008 - FIXED-LENGTH DATA ELEMENTS--GENERAL INFORMATION
fixed length control field 140408s1967 ilu b 001 0 eng
035 ## - SYSTEM CONTROL NUMBER
System control number (BD-RjUL)30082
040 ## - CATALOGING SOURCE
Original cataloging agency DLC
Transcribing agency DLC
Modifying agency DLC
-- BD-RjUL
Language of cataloging eng
041 1# - LANGUAGE CODE
Language code of text/sound track or separate title engfre
082 00 - DEWEY DECIMAL CLASSIFICATION NUMBER
Classification number 109
Author mark and year BRH V-5 1967
100 1# - MAIN ENTRY--PERSONAL NAME
Personal name Brehier, Emile.
Dates associated with a name 1876-1952.
9 (RLIN) 87281
245 14 - TITLE STATEMENT
Title The history of Philosopy /
Statement of responsibility, etc. by Emile Brehier ; translated by Wade Baskin.
Number of part/section of a work VOLUME V:
Name of part/section of a work The eighteenth century.
260 ## - PUBLICATION, DISTRIBUTION, ETC. (IMPRINT)
Place of publication, distribution, etc. Chicago :
Name of publisher, distributor, etc. University of Chicago Press,
Date of publication, distribution, etc. c1967.
300 ## - PHYSICAL DESCRIPTION
Pagination vi, 263 p. ;
Size 23 cm.
500 ## - GENERAL NOTE
General note Vols. 2-7 translated by Wade Baskin.
504 ## - BIBLIOGRAPHY, ETC. NOTE
Bibliography, etc Includes bibliographies & Index.
505 0# - FORMATTED CONTENTS NOTE
Formatted contents note [1] The Hellenic age.--[2] The Hellenistic & Roman age.--[3] The Middle Ages and the Renaissance.--[4] The seventeenth century.--v. 5. The eighteenth century.--v. 6. The nineteenth century: period of systems, 1800-1850.--v. 7. Contemporary philosophy--since 1850.
650 #0 - SUBJECT ADDED ENTRY--TOPICAL TERM
Topical term or geographic name as entry element Philosophy
General subdivision History.
9 (RLIN) 91254
700 1# - ADDED ENTRY--PERSONAL NAME
Personal name Baskin, Wade, tr.
942 ## - ADDED ENTRY ELEMENTS (KOHA)
Source of classification or shelving scheme Dewey Decimal Classification
Koha item type Books
Holdings
Lost status Source of classification or shelving scheme Damaged status Not for loan Collection code Permanent Location Current Location Shelving location Date acquired Source of acquisition Cost, normal purchase price Total Checkouts Full call number Date last seen Copy number Koha item type
  Dewey Decimal Classification   Not For Loan Non-fiction Central Library, University of Rajshahi Central Library, University of Rajshahi Reading Room 10/02/1970 Zeittlinger 72.00   109 BRH V-5 1967 08/04/2014 C-1 Books
  Dewey Decimal Classification     Non-fiction Central Library, University of Rajshahi Central Library, University of Rajshahi   10/02/1970 Zeittlinger 72.00   109 BRH V-5 1967 13/04/2014 C-2 Books